| 000 | 00979nam a2200289 i 4500 | ||
|---|---|---|---|
| 999 |
_c200454416 _d72628 |
||
| 003 | TR-AnTOB | ||
| 005 | 20230926141744.0 | ||
| 008 | 121126s2015 tu a 000 0 tur d | ||
| 020 | _a9786051061290 | ||
| 040 |
_aTR-AnTOB _beng _erda _cTR-AnTOB |
||
| 041 | _atur | ||
| 050 | _aBF503 | ||
| 090 |
_aBF503 _b.S45 2015 TıpFaK |
||
| 100 | 1 |
_aSekman, Mümin _eauthor _944890 |
|
| 245 | 1 | 0 |
_aHer şey seninle başlar : _b9+ yaş grubu için / _cMümin Sekman. |
| 264 | 1 |
_aİstanbul : _bAlfa Basım Yayım Dağıtım, _c2015. |
|
| 300 |
_a71 pages : _billustrations ; _c21 cm. |
||
| 336 |
_2rdacontent _atext _btxt |
||
| 337 |
_2rdamedia _aunmediated _bn |
||
| 338 |
_2rdacarrier _avolume _bnc |
||
| 490 | 1 |
_aAlfa yayınları ; _v2011. _aKişisel Gelişim ; _v80 |
|
| 500 | _a9+ ilköğretim öğrencilerinin özgüven duygusunu geliştiren bir kitap | ||
| 650 | 0 |
_aAchievement motivation _970620 |
|
| 830 | 0 | _aAlfa yayınları. | |
| 942 |
_2lcc _cBK |
||